Loading...
| Fine Arts - Classical Music | 0 | 9 | 1 | 0 | 85 | 56 | 100.44 | 3 | 9 | 0.00 | 0.00 |
| Fine Arts - Other | 0 | 7 | 0 | 1 | 70 | 23 | 88.29 | 1 | 4 | 0.00 | 0.00 |
| Science - Biology | 0 | 4 | 1 | 0 | 35 | 45 | 65.50 | 2 | 4 | 0.00 | 0.00 |
| Fine Arts - Painting & Sculpture | 0 | 3 | 0 | 0 | 30 | 82 | 112.00 | 0 | 1 | 0.00 | 0.00 |
| Social Science | 0 | 2 | 0 | 0 | 20 | 81 | 81.00 | 1 | 1 | 0.00 | 0.00 |
| Literature - European | 0 | 2 | 0 | 0 | 20 | 94 | 94.50 | 1 | 2 | 0.00 | 0.00 |
| Mythology | 0 | 2 | 0 | 0 | 20 | 81 | 96.00 | 1 | 1 | 0.00 | 0.00 |
| Literature - British | 0 | 2 | 1 | 0 | 15 | 105 | 122.00 | 0 | 1 | 0.00 | 0.00 |
| History - American | 0 | 1 | 0 | 0 | 10 | 108 | 108.00 | 0 | 1 | 0.00 | 0.00 |
| Religion | 0 | 1 | 0 | 0 | 10 | 122 | 122.00 | 0 | 0 | 0.00 | 0.00 |
| Literature - World | 0 | 1 | 0 | 0 | 10 | 112 | 112.00 | 0 | 0 | 0.00 | 0.00 |
| Science - Chemistry | 0 | 1 | 0 | 0 | 10 | 114 | 114.00 | 0 | 1 | 0.00 | 0.00 |
| Science - Other | 0 | 1 | 0 | 0 | 10 | 88 | 88.00 | 1 | 1 | 0.00 | 0.00 |
| Literature - American | 0 | 1 | 0 | 1 | 10 | 155 | 155.00 | 0 | 0 | 0.00 | 0.00 |